00252nam a2200097 a 450000500170000000800410001705000250005810000170008324500330010065000210013320140414093845.0090925s19uu xx 00 eng d aDVD 791.43bTRA 2007 aBay, Michael aTransformers /cMichael Bay. aMotion pictures.